| 000 | 01284cam a2200289 4500 | ||
|---|---|---|---|
| 001 | ABS64497 | ||
| 008 | 011009n2001 000 0 eng u | ||
| 035 | _a(Sirsi) u115052 | ||
| 100 | _aPugh, C. | ||
| 245 | _aTheory and explanation in international property cycles | ||
| 260 | _c2001 | ||
| 490 |
_aProperty Management _v19(4) 2001, 265-297(33) |
||
| 520 | _aDiscusses theory and explanation in international property cycles. Since 1980, property cycles have emerged as a phenomenon of urban development. Attempts to detail and evaluate property cycles in the USA, the UK, Japan, and some developing countries in Asia. Extends earlier published work in the authors' research programmes in property cycles, urban development, and experience in both developing and developed countries. Reveals that the economic, social and political significance of property cycles is considerable [Partly taken from journal headnote]. | ||
| 590 | _aABS | ||
| 650 | _aPROPERTY CYCLES | ||
| 650 | _aINTERNATIONAL | ||
| 650 | _aURBAN DEVELOPMENT | ||
| 650 | _aTHEORY | ||
| 650 | _aUNITED STATES | ||
| 650 | _aJAPAN | ||
| 650 | _aASIA | ||
| 650 | _aUNITED KINGDOM | ||
| 650 | _aECONOMIC ISSUES | ||
| 690 | _aPROPERTY-COMMERCIAL PROPERTY | ||
| 700 | _aDehesh, A. | ||
| 942 | _n0 | ||
| 999 |
_c68529 _d68529 |
||